| Tag |
First Indicator |
Second Indicator |
Subfields |
| LEADER |
00000cam a2200000 a 4500 |
| 001 |
in00001344913 |
| 005 |
20151006050417.0 |
| 008 |
960709s1997 ksua b s001 0 eng |
| 010 |
|
|
|a 96032301
|
| 020 |
|
|
|a 0700608109 (alk. paper)
|
| 035 |
|
|
|a (OCoLC)35178594
|
| 035 |
|
|
|9 AHE9734AM
|
| 040 |
|
|
|a DLC
|c DLC
|d TXA
|d UtOrBLW
|
| 043 |
|
|
|a n-us---
|a n-us-ca
|a np-----
|
| 049 |
|
|
|a TXAM
|
| 050 |
0 |
0 |
|a NX650.L32
|b S53 1997
|
| 082 |
0 |
0 |
|a 700/.1/030973
|2 20
|
| 100 |
1 |
|
|a Shindo, Charles J.
|
| 245 |
1 |
0 |
|a Dust bowl migrants in the American imagination /
|c Charles J. Shindo.
|
| 264 |
|
1 |
|a Lawrence :
|b University Press of Kansas,
|c [1997]
|
| 264 |
|
4 |
|c ©1997
|
| 300 |
|
|
|a xv, 252 pages :
|b illustrations ;
|c 25 cm.
|
| 336 |
|
|
|a text
|b txt
|2 rdacontent
|
| 337 |
|
|
|a unmediated
|b n
|2 rdamedia
|
| 338 |
|
|
|a volume
|b nc
|2 rdacarrier
|
| 490 |
1 |
|
|a Rural America
|
| 504 |
|
|
|a Includes bibliographical references (pages [239]-246) and index.
|
| 650 |
|
0 |
|a Migrant agricultural laborers in art.
|
| 650 |
|
0 |
|a Arts, American.
|
| 650 |
|
0 |
|a Arts, American
|y 20th century.
|
| 650 |
|
0 |
|a Migrant agricultural laborers
|z United States
|x History.
|
| 650 |
|
0 |
|a Depressions
|y 1929
|z United States.
|
| 651 |
|
0 |
|a Great Plains
|x Rural conditions.
|
| 651 |
|
0 |
|a California
|x Rural conditions.
|
| 650 |
|
0 |
|a Dust storms
|z Great Plains.
|
| 650 |
|
0 |
|a Labor camps
|z California.
|
| 650 |
|
0 |
|a Droughts
|z Great Plains.
|
| 830 |
|
0 |
|a Rural America (Lawrence, Kan.)
|
| 999 |
|
|
|a MARS
|
| 999 |
f |
f |
|s 9b58d096-9381-34e5-b4d1-7391f9082ffc
|i a4e3904b-0ff1-335d-b312-27224e448049
|t 0
|
| 952 |
f |
f |
|p normal
|a Texas A&M University
|b College Station
|c Sterling C. Evans Library
|d Evans: Library Stacks
|t 0
|e NX650.L32 S53 1997
|h Library of Congress classification
|i unmediated -- volume
|m A14820782506
|
| 998 |
f |
f |
|a NX650.L32 S53 1997
|t 0
|l Evans: Library Stacks
|